| 000 | 00625 a2200181 4500 | ||
|---|---|---|---|
| 001 | 130851 | ||
| 020 | _a85-224-0009-1 | ||
| 040 | _cLeonardo Da Vinci | ||
| 041 | _aPortuguês | ||
| 082 |
_a658.054 B512s _bB512s |
||
| 100 | _aBIO, Sérgio Rodrigues | ||
| 245 |
_aSistemas de informação _bum enfoque gerencial |
||
| 260 |
_bAtlas _c1996 _aSão Paulo |
||
| 300 | _a183 | ||
| 362 | _a19960000 | ||
| 697 |
_aAdministração _aSistema de informações gerenciais _aTecnologia da informação _aMudança organizacional _aEstrutura organizacional _aSistema de armazenagem _aProcessamento eletrônico de dados _aFIPEN |
||
| 942 | _cBK | ||
| 999 |
_c130851 _d130851 |
||